000 00283nam a2200121Ia 4500
008 230524s9999 xx 000 0 und d
100 _aRichard Y.Kain
245 0 _aAdvanced Computer Architecture
260 _bPHI
500 _aQuantity Number: 3
650 _aComp-Sc
942 _cBK
999 _c1507
_d1507